Central Library OPAC University of Rajshahi

স্মৃতিতে রাজশাহী বিশ্ববিদ্যালয় / (Record no. 83344)

MARC details
000 -LEADER
fixed length control field 00985nam a2200229 a 4500
001 - CONTROL NUMBER
control field 83344
003 - CONTROL NUMBER IDENTIFIER
rucl marc code BD-RjUL
005 - DATE AND TIME OF LATEST TRANSACTION
control field 20240313150958.0
008 - FIXED-LENGTH DATA ELEMENTS--GENERAL INFORMATION
fixed length control field 240313s2024 bg ||||| |||| 00| 0 ben d
020 ## - INTERNATIONAL STANDARD BOOK NUMBER
International Standard Book Number 9789849869719
035 ## - SYSTEM CONTROL NUMBER
System control number (BD-RjUL)83344
040 ## - CATALOGING SOURCE
Original cataloging agency BD-RjUL
Language of cataloging eng
Transcribing agency BD-RjUL
041 ## - LANGUAGE CODE
Language code of text/sound track or separate title ben
082 ## - DEWEY DECIMAL CLASSIFICATION NUMBER
Edition number 23
Classification number 378.54924
Author mark and year SMR 2024
245 ## - TITLE STATEMENT
Title স্মৃতিতে রাজশাহী বিশ্ববিদ্যালয় /
Statement of responsibility, etc. সম্পাদনা আবুল কাশেম
260 ## - PUBLICATION, DISTRIBUTION, ETC. (IMPRINT)
Place of publication, distribution, etc. ঢাকা :
Name of publisher, distributor, etc. কথাপ্রকাশ,
Date of publication, distribution, etc. ২০২৪
300 ## - PHYSICAL DESCRIPTION
Pagination ২৭৮ পৃ.;
Size ২২ সেমি.
650 ## - SUBJECT ADDED ENTRY--TOPICAL TERM
Topical term or geographic name as entry element রাজশাহী বিশ্ববিদ্যালয়
General subdivision পেশাগত স্মৃতিচারণ ও অভিজ্ঞতা
9 (RLIN) 12288
Topical term or geographic name as entry element Rajshahi University
General subdivision Professional memories and experiences
9 (RLIN) 12289
700 ## - ADDED ENTRY--PERSONAL NAME
Personal name কাশেম, আবুল (সম্পাদক)
942 ## - ADDED ENTRY ELEMENTS (KOHA)
Source of classification or shelving scheme Dewey Decimal Classification
Koha item type Books
Holdings
Lost status Source of classification or shelving scheme Damaged status Not for loan Collection code Permanent Location Current Location Shelving location Date acquired Source of acquisition Cost, normal purchase price Total Checkouts Full call number Date last seen Copy number Koha item type Date checked out
  Dewey Decimal Classification   Not For Loan Non-fiction Central Library, University of Rajshahi Central Library, University of Rajshahi Reading Room 12/03/2024 Rajshahi : Biddasagar 450.00   B 378.54924 SMR 2024 13/03/2024 C-1 Books  
  Dewey Decimal Classification     Non-fiction Central Library, University of Rajshahi Central Library, University of Rajshahi General Stacks 12/03/2024 Rajshahi : Biddasagar 450.00 1 B 378.54924 SMR 2024 05/12/2024 C-2 Books 14/11/2024
  Dewey Decimal Classification     Non-fiction Central Library, University of Rajshahi Central Library, University of Rajshahi General Stacks 12/03/2024 Rajshahi : Biddasagar 450.00   B 378.54924 SMR 2024 13/03/2024 C-3 Books  
  Dewey Decimal Classification     Non-fiction Central Library, University of Rajshahi Central Library, University of Rajshahi General Stacks 12/03/2024 Rajshahi : Biddasagar 450.00   B 378.54924 SMR 2024 13/03/2024 C-4 Books  
  Dewey Decimal Classification     Non-fiction Central Library, University of Rajshahi Central Library, University of Rajshahi General Stacks 12/03/2024 Rajshahi : Biddasagar 450.00   B 378.54924 SMR 2024 13/03/2024 C-5 Books  
  Dewey Decimal Classification     Non-fiction Central Library, University of Rajshahi Central Library, University of Rajshahi General Stacks 12/03/2024 Rajshahi : Biddasagar 450.00   B 378.54924 SMR 2024 13/03/2024 C-6 Books  
  Dewey Decimal Classification     Non-fiction Central Library, University of Rajshahi Central Library, University of Rajshahi General Stacks 12/03/2024 Rajshahi : Biddasagar 450.00   B 378.54924 SMR 2024 13/03/2024 C-7 Books